Good idea Slovakia - výborný štart
Od apríla 2016 má Slovensko po prvý krát v histórii dynamickú, jednotnú a komplexnú značku vyjadrenú logotypom a sloganom Good Idea Slovakia.
Saved in:
| Main Author: | |
|---|---|
| Format: | Book Chapter |
| Language: | Slovak |
| Subjects: | |
| Tags: |
No Tags, Be the first to tag this record!
|
MARC
| LEADER | 00000naa a2200000 4500 | ||
|---|---|---|---|
| 001 | 0226383 | ||
| 005 | 20240502073724.7 | ||
| 041 | 0 | |a slo | |
| 044 | |a SK | ||
| 245 | 1 | 0 | |a Good idea Slovakia - výborný štart |c Radomír Boháč |
| 520 | |a Od apríla 2016 má Slovensko po prvý krát v histórii dynamickú, jednotnú a komplexnú značku vyjadrenú logotypom a sloganom Good Idea Slovakia. | ||
| 610 | 2 | 0 | |a dizajn |
| 610 | 2 | 0 | |a Slovensko |
| 610 | 2 | 0 | |a logo |
| 610 | 2 | 0 | |a identita |
| 610 | 2 | 0 | |a imidž |
| 610 | 2 | 0 | |a značky |
| 100 | 1 | |a Boháč, Radomír | |